新编家庭医生手册 (Record no. 20780)

000 -LEADER
fixed length control field 00504nam a22001937a 4500
003 - CONTROL NUMBER IDENTIFIER
control field MPLRDC
005 - DATE AND TIME OF LATEST TRANSACTION
control field 20220104124622.0
008 - FIXED-LENGTH DATA ELEMENTS--GENERAL INFORMATION
fixed length control field 210129b ||||| |||| 00| 0 eng d
020 ## - INTERNATIONAL STANDARD BOOK NUMBER
International Standard Book Number 7-5062-4234-6
082 ## - DEWEY DECIMAL CLASSIFICATION NUMBER
Classification number 410 LT
100 ## - MAIN ENTRY--PERSONAL NAME
Personal name 刘彤、梁军 编
245 ## - TITLE STATEMENT
Title 新编家庭医生手册
Statement of responsibility, etc.
250 ## - EDITION STATEMENT
Edition statement 一版五刷
260 ## - PUBLICATION, DISTRIBUTION, ETC.
Place of publication, distribution, etc. 中国
Name of publisher, distributor, etc. 世界图书出版西安公司
Date of publication, distribution, etc. 2004
300 ## - PHYSICAL DESCRIPTION
Other physical details 1286
490 ## - SERIES STATEMENT
Series statement 现代家庭医疗自助丛书
650 ## - SUBJECT ADDED ENTRY--TOPICAL TERM
Topical term or geographic name entry element 医药总论
942 ## - ADDED ENTRY ELEMENTS (KOHA)
Koha item type Book
-- 410 LT
Holdings
Withdrawn status Lost status Source of classification or shelving scheme Damaged status Not for loan Collection code Home library Current library Shelving location Date acquired Cost, normal purchase price Total Checkouts Full call number Barcode Date last seen Date last checked out Price effective from Koha item type Public note
            Malaysian Public Library, Research and Development Centre Malaysian Public Library, Research and Development Centre   10/12/2007 58.00   410 LT 00020849 17/03/2021 04/09/2016 17/03/2021 Book mplrdc

© 2022. Malaysian Public Library, Research and Development Centre. All Right ReservedE-mailmplrdc@help.edu.my 

Powered by Koha